书目信息 |
| 题名: |
视唱练耳考前训练
|
|
| 作者: | 熊宇亮 编著 | |
| 分册: | ||
| 出版信息: | 长沙 湖南教育出版社 2001 |
|
| 页数: | 155页 | |
| 开本: | 30cm | |
| 丛书名: | 音乐殿堂有约丛书 | |
| 单 册: | ||
| 中图分类: | J631.1 , J613.1 | |
| 科图分类: | ||
| 主题词: | 视唱练耳--理论 , 音乐--技术--方法 , 音乐--技术--理论 | |
| 电子资源: | ||
| ISBN: | 7-5355-3478-3 | |
| 000 | 00729nam0 2200253 45 | |
| 001 | 0107110996 | |
| 005 | 20070706161620.26 | |
| 010 | @a7-5355-3478-3@dCNY19.00 | |
| 100 | @a20010711d2001 km y0chiy0120 ea | |
| 101 | 0 | @achi |
| 105 | @ag z 000yy | |
| 200 | 1 | @a视唱练耳考前训练@AShi Chang Lian Er Kao Qian Xun Lian@f熊宇亮编著@FXiong Yu Liang Bian Zhu |
| 210 | @a长沙@c湖南教育出版社@d2001 | |
| 215 | @a155页@d30cm | |
| 225 | @a音乐殿堂有约丛书 | |
| 410 | @12001 @a音乐殿堂有约丛书 | |
| 606 | 0 | @a视唱练耳@x理论 |
| 606 | 0 | @a音乐@x技术@x方法 |
| 606 | 0 | @a音乐@x技术@x理论 |
| 690 | @aJ631.1@v4 | |
| 690 | @aJ613.1@v3 | |
| 701 | 0 | @a熊宇亮@4编著 |
| 801 | @aCN@bTSTC@c20070706 | |
| 905 | @b313873-875@dJ613.1@e209@f3 | |
| 视唱练耳考前训练/熊宇亮编著.-长沙:湖南教育出版社,2001 |
| 155页;30cm.-(音乐殿堂有约丛书) |
| ISBN 7-5355-3478-3:CNY19.00 |
| ● |
| 相关链接 |
|
|
|
|
正题名:视唱练耳考前训练
索取号:J613.1/209
 
预约/预借
| 序号 | 登录号 | 条形码 | 馆藏地/架位号 | 状态 | 备注 |
| 1 | 0313873 | 203138737 | 第一借阅区/ [索取号:J613.1/209] | 在馆 | |
| 2 | 0313874 | 203138746 | 第一借阅区/ [索取号:J613.1/209] | 在馆 | |
| 3 | 0313875 | 203138755 | 第一样本阅览室/ [索取号:J613.1/209] | 在馆 |